| 000 | 00659cam a22002171 4500 | ||
|---|---|---|---|
| 001 | ca 34000875 | ||
| 003 | DLC | ||
| 005 | 20260227111132.0 | ||
| 008 | 890612s1923 ilu 000 0 eng | ||
| 010 | _aca 34000875 | ||
| 035 | _a(OCoLC)19851697 | ||
| 040 |
_aDLC _cRPB _dDLC |
||
| 042 | _apremarc | ||
| 050 | 0 | 0 |
_aPS3545.H34 _bF7 1923 |
| 082 | _a812.5 | ||
| 100 | 1 |
_aWhelan, Charles Elbert, _d1862-1928. |
|
| 245 | 1 | 2 |
_aA friend and neighbor, _cby Charles Elbert Whelan. A Modern woodmen of America play. |
| 260 |
_a[Rock Island, Ill., _bModern Woodmen of America, _c1923] |
||
| 300 |
_a27 p. _c18 x 10 cm. |
||
| 610 | 2 | 0 |
_aModern Woodmen of America _vDrama. |
| 999 |
_c17390 _d17390 |
||